| 000 | 00444cam a2200193ua 4500 | ||
|---|---|---|---|
| 001 | 7694 | ||
| 008 | 141222n xxk |||gr||||Z||||||eng | ||
| 020 | _a9780199696321 | ||
| 040 | _cMAIN | ||
| 041 | _aeng | ||
| 082 | _a330.03 | ||
| 100 |
_aBlack, J., _eEditor. |
||
| 245 |
_a Dictionary of economics _cEdited by John Black |
||
| 250 | _a4th. | ||
| 260 |
_aNew York: _bOxford, _c2013. |
||
| 300 | _a457p. | ||
| 653 | _aEconomics | ||
| 942 | _cBK | ||
| 999 |
_c6816 _d6816 |
||